[Event "Pinneberg-ch"]
[Site "Pinneberg"]
[Date "2008.09.25"]
[Round "5"]
[White "Isenecker, Frank"]
[Black "Keuneke, Hanno"]
[Result "0-1"]
[WhiteElo "1418"]
[BlackElo "1677"]
[PlyCount "62"]
[EventDate "2008.08.28"]
[EventType "swiss"]
[EventRounds "7"]
[EventCountry "GER"]
[SourceTitle "EXT 2011"]
[Source "ChessBase"]
[SourceDate "2010.11.26"]
[SourceVersion "1"]
[SourceVersionDate "2010.11.26"]
[SourceQuality "1"]

1. d4 Nf6 2. Nf3 g6 3. Nc3 Bg7 4. e4 d6 5. Bg5 0-0 6. Qd2 c5 7. 0-0-0 Nbd7 8. e5 cxd4 9. Qxd4 Ne8 10. Qh4 f6 11. Bc4+ Kh8 12. Bh6 Nxe5 13. Nxe5 fxe5 14. Bxg7+ Nxg7 15. g4 e6 16. Qg3 d5 17. h4 Qf6 18. Bb3 Qf4+ 19. Qe3 a6 20. Rdg1 Qxe3+ 21. fxe3 b5 22. Rf1 Bb7 23. Rhg1 Bc6 24. a3 a5 25. Nd1 b4 26. axb4 axb4 27. Kd2 Bb5 28. Rf2 Rxf2+ 29. Nxf2 Rf8 30. Nd3 Bxd3 31. Kxd3 h6 0-1

[Event "Pinneberg-ch"]
[Site "Pinneberg"]
[Date "2007.10.04"]
[Round "6"]
[White "Isenecker, Frank"]
[Black "Hitzker, Johann"]
[Result "0-1"]
[WhiteElo "1443"]
[BlackElo "1465"]
[PlyCount "92"]
[EventDate "2007.08.30"]
[EventType "swiss"]
[EventRounds "7"]
[EventCountry "GER"]
[SourceTitle "CBM 120 Extra"]
[Source "ChessBase"]
[SourceDate "2007.11.01"]
[SourceVersion "1"]
[SourceVersionDate "2007.11.01"]
[SourceQuality "1"]

1. e4 b6 2. Nf3 Nc6 3. Nc3 e5 4. b3 Bb7 5. Bb2 Nf6 6. Be2 Bb4 7. d3 d5 8. 0-0 d4 9. Nb1 0-0 10. a3 Bd6 11. c3 dxc3 12. Bxc3 Nd7 13. Nbd2 f5 14. b4 b5 15. exf5 Rxf5 16. Ne4 Be7 17. Nfd2 Nd4 18. Bg4 Rf4 19. g3 Rf8 20. Bxd4 exd4 21. Qb3+ Kh8 22. Qe6 Nf6 23. Bh3 Bc8 24. Qb3 Bxh3 25. Ng5 Bxf1 26. Nf7+ Rxf7 27. Qxf7 Bxd3 28. Re1 Bf8 29. Qe6 Qd5 30. Re5 Qxe6 31. Rxe6 c5 32. bxc5 Bxc5 33. Nb3 Bb6 34. Rd6 Rd8 35. Rxd8+ Bxd8 36. Nxd4 Bb6 37. Nc6 Ng4 38. Nb4 Bxf2+ 39. Kg2 Be4+ 40. Kf1 a5 41. h3 axb4 42. axb4 Bd3+ 43. Kg2 Be1 44. hxg4 Bxb4 45. Kf2 Bc5+ 46. Ke1 Be3 0-1

[Event "Pinneberg-ch"]
[Site "Pinneberg"]
[Date "2007.08.30"]
[Round "1"]
[White "Tornier, Siegfried"]
[Black "Isenecker, Frank"]
[Result "1-0"]
[WhiteElo "1602"]
[BlackElo "1443"]
[PlyCount "63"]
[EventDate "2007.08.30"]
[EventType "swiss"]
[EventRounds "7"]
[EventCountry "GER"]
[SourceTitle "CBM 120 Extra"]
[Source "ChessBase"]
[SourceDate "2007.11.01"]
[SourceVersion "1"]
[SourceVersionDate "2007.11.01"]
[SourceQuality "1"]

1. Nf3 Nf6 2. c4 e6 3. d4 d5 4. c5 Nc6 5. a3 a5 6. Nbd2 b6 7. cxb6 cxb6 8. e3 Bd6 9. Bd3 Qe7 10. 0-0 e5 11. dxe5 Nxe5 12. Bb5+ Bd7 13. Bxd7+ Nexd7 14. Nd4 Bc7 15. N2f3 0-0 16. Bd2 Ne5 17. Rc1 Nfg4 18. h3 Nxf3+ 19. Nxf3 Nf6 20. Bc3 Rad8 21. Qd4 Rfe8 22. Rfd1 Qd6 23. Qh4 Re4 24. g4 h5 25. Bxf6 hxg4 26. hxg4 Qd7 27. Rd4 gxf6 28. Rxe4 dxe4 29. Nd4 Be5 30. Nf5 Qd2 31. Rf1 Qxb2 32. Qh6 1-0